LEADER 01226nam a2200289 i 4500 001 000000098832 003 CaOOAMICUS 005 20190521121341.0 008 180830s1976 it u000 u ita u 013 $a70984 040 $aSeMil$bita 245 10$a3: Il mondo classico. 264 1$aRoma ; Bari :$bLaterza,$c1976. 300 $aXIX, 221 p. ;$c18 cm 490 0 $aUniversale Laterza ;$v370 650 4$aReligioni - Storia.$0(OLS)http://semarc/subject/266 650 4$aReligioni antiche.$0(OLS)http://semarc/subject/1378 700 1 $aPuech, Henri-Charles,$d<1902-1986>.$0(OLS)http://semarc/name/89175 700 1 $aVian, Cesco <1912-2013>.$0(OLS)http://semarc/name/43144 700 1 $aBloch, Raymond <1914-1997>.$0(OLS)http://semarc/name/9381 773 0 $tStoria delle religioni.$dRoma ; Bari : Laterza, 1976-$kUniversale Laterza$g3$w()8431 830 0$aUniversale Laterza ;$v370.$0(OLS)http://semarc/title/6923 850 $aSeMil 852 $aSeMil$W1$xVenegono$y1$m42 6 370 *$j56540$B56540$CSeMilBibl$Z2$F66343 $81 996 $6245$a3: Il mondo classico$9(OLS)http://semarc/title/423243 996 $6264$aRoma ; Bari :$bLaterza$9(OLS)http://semarc/publisher/30305 LEADER 00552naa a2200145 i 4500 001 000000300108 003 CaOOAMICUS 005 20180831172656.0 008 180831n xx u000 u und u 013 $a7777 040 $aSeMil$bita 100 1 $aHeinz, Hanspeter.$0(OLS)http://semarc/name/16260 245 10$aPerchè crisi dell'Occidente? 773 0 $aCoda, Piero, <1955- >$tTrinità vita di Dio progetto dell'uomo.$dRoma : Città Nuova, 1987.$kContributi di teologia$z8831132342$w()34406 996 $6245$aPerchè crisi dell'Occidente?$9(OLS)http://semarc/title/376123